Regional economic outlook western hemisphere

Saved in:
Bibliographic Details
Format: Book
Language:English
Published: Washington, D.C. International Monetary Fund 2010
Series:World economic and financial surveys
Subjects:
Tags: Add Tag
No Tags, Be the first to tag this record!

MARC

LEADER 00000nam$a2200000$$$4500
001 0123888
005 20240315115638.6
020 |a 978-1-58906-953-4 
041 0 |a eng 
044 |a US 
245 1 0 |a Regional economic outlook  |b western hemisphere 
264 1 |a Washington, D.C.  |b International Monetary Fund  |c 2010 
300 |a xi, 91 s. 
490 1 |a World economic and financial surveys 
830 0 |a World economic and financial surveys 
610 2 0 |a situácia hospodárska 
610 2 0 |a politika hospodárska 
610 2 0 |a rozvoj hospodársky 
610 2 0 |a prognózy hospodárske 
610 2 0 |a cykly podnikateľské 
610 2 0 |a politika fiškálna 
610 2 0 |a politika finančná 
610 2 0 |a trh finančný 
610 2 0 |a banky 
610 2 0 |a inštitúcie finančné 
610 2 0 |a Severná Amerika 
610 2 0 |a Latinská Amerika 
610 2 0 |a Karibská oblasť 
610 2 0 |a USA 
610 2 0 |a Kanada 
610 2 0 |a Mexiko